| 000 -CABECERA |
| Longitud fija campo de control |
00527nam a2200193 a 4500 |
| 001 - NÚMERO DE CONTROL |
| Número de control |
937 |
| 003 - IDENTIFICADOR DEL NÚMERO DE CONTROL |
| Identificador del número de control |
CDMR |
| 005 - FECHA Y HORA DE LA ÚLTIMA TRANSACCIÓN |
| Fecha y hora de la última transacción |
20131129110505.0 |
| 008 - CÓDIGOS DE INFORMACIÓN DE LONGITUD FIJA |
| Códigos de información de longitud fija |
130130s1962||||||||||||||||||||||||||||d |
| 040 ## - FUENTE DE LA CATALOGACIÓN |
| Centro catalogador de origen |
CDMR |
| Lengua de catalogación |
cat |
| Centro transcriptor |
CDMR |
| 100 1# - PUNTO DE ACCESO PRINCIPAL-NOMBRE DE PERSONA |
| Nombre de persona |
Morin, Edgar |
| 9 (RLIN) |
542 |
| 245 13 - MENCIÓN DE TÍTULO |
| Título |
El espíritu del tiempo |
| Resto del título |
: ensayo sobre la cultura de masas |
| Mención de responsabilidad, etc. |
Edgar Morin |
| 260 ## - PUBLICACIÓN, DISTRIBUCIÓN, ETC. (PIE DE IMPRENTA) |
| Lugar de publicación, distribución, etc. |
Madrid |
| Fecha de publicación, distribución, etc. |
1962 |
| Nombre del editor, distribuidor, etc. |
Taurus |
| 300 ## - DESCRIPCIÓN FÍSICA |
| Extensión |
246 p. |
| 490 0# - MENCIÓN DE SERIE |
| Mención de serie |
Ensayistas de Hoy |
| Designación de volumen o secuencia |
43 |
| 650 04 - PUNTO DE ACCESO ADICIONAL DE MATERIA - TÉRMINO DE MATERIA |
| 9 (RLIN) |
3478 |
| Término de materia o nombre geográfico como elemento inicial |
Cultura de massa |
| 650 04 - PUNTO DE ACCESO ADICIONAL DE MATERIA - TÉRMINO DE MATERIA |
| 9 (RLIN) |
4171 |
| Término de materia o nombre geográfico como elemento inicial |
Indústries culturals |
| 942 ## - ENTRADA DE ELEMENTOS AGREGADOS (KOHA) |
| Koha [por defecto] tipo de item |
Monografies |
| Fuente de clasificaión o esquema |
|